000
00324nam a2200145Ia 4500
100
_a
Nicholas /John .M
250
_a
2
942
_c
BK
654
_a
project
245
_a
Project Management for Business and Technology
260
_b
PHI
_a
New Delhi
_c
2002
082
_a
658.404
_b
NIC
300
_a
603
546
_a
ENGLISH
999
_c
25524
_d
25524